Presidenti delle Regioni Italiane - Statistics

Statistiche generali
  • Questo quiz è stato fatto 123 volte
  • Il punteggio medio è 11 su 20
Statistiche sulle risposte
Regione (Partito) Presidente % Corretto
Lombardia (LN) Attilio Fontana
87%
Campania (PD) Vincenzo De Luca
87%
Veneto (LN) Luca Zaia
86%
Liguria (C!) Giovanni Toti
83%
Lazio (PD) Nicola Zingaretti
82%
Emilia-Romagna (PD) Stefano Bonaccini
76%
Puglia (Ind.) Michele Emiliano
69%
Friuli-Venezia Giulia (LN) Massimiliano Fedriga
64%
Sicilia (#DB) Nello Musumeci
62%
Sardegna (PSd'Az) Christian Solinas
56%
Piemonte (FI) Alberto Cirio
54%
Toscana (PD) Eugenio Giani
50%
Calabria (LN) Antonino Spirlì*
45%
Umbria (LN) Donatella Tesei
44%
Marche (FdI) Francesco Acquaroli
43%
Abruzzo (FdI) Marco Marsilio
35%
Molise (FI) Donato Toma
34%
Basilicata (FI) Vito Bardi
34%
Trentino-Alto Adige (PPS) Arno Kompatscher
31%
Valle d'Aosta (UV) Erik Lavévaz
25%
Nessun quiz corrispondente trovato
Distribuzione punteggi
Percentuale di utenti per punteggio
Percentile per numero di risposta
I tuoi punteggi nel tempo
Non hai fatto questo quiz